Southville International School and Colleges
Your cart is empty.
  • Cart
  • Lists
    Public lists Eva Luna New books Lux_list list_1
    Your lists Log in to create your own lists
  • Log in to your account
  • Your cookies
  • Search history
Southville International School and Colleges
  • Advanced search
  • Recent comments
  • Most popular
  • Libraries

Log in to your account

Log in with GOOGLE


If you do not have an external account, but do have a local account, you can still log in:

  1. Home
  2. MARC view: Cave secret :
Normal view MARC view ISBD view

Cave secret : (Record no. 102534)

[ view plain ]
MARC details
000 -LEADER
fixed length control field 00564nam a2200181 a 4500
005 - DATE AND TIME OF LATEST TRANSACTION
control field 20140412111237.0
008 - FIXED-LENGTH DATA ELEMENTS--GENERAL INFORMATION
fixed length control field 010710s19uu xx 00 eng d
020 ## - INTERNATIONAL STANDARD BOOK NUMBER
International Standard Book Number 0-78683265-7
050 ## - LIBRARY OF CONGRESS CALL NUMBER
Classification number ER
Item number Ca315 2000
100 ## - MAIN ENTRY--PERSONAL NAME
Personal name Weiss, Ellen
245 ## - TITLE STATEMENT
Title Cave secret :
Remainder of title my very first Simba stories /
Statement of responsibility, etc written by Ellen Weiss; illustrated by Robbin Cuddy.
260 ## - PUBLICATION, DISTRIBUTION, ETC. (IMPRINT)
Place of publication, distribution, etc New York :
Name of publisher, distributor, etc Disney Enterprises, Inc,
Date of publication, distribution, etc 2000.
300 ## - PHYSICAL DESCRIPTION
Extent 1v. (unp.) ; ill.
440 ## - SERIES STATEMENT/ADDED ENTRY--TITLE
Title Disney's: The Lion King
650 ## - SUBJECT ADDED ENTRY--TOPICAL TERM
Topical term or geographic name as entry element Children's stories
650 ## - SUBJECT ADDED ENTRY--TOPICAL TERM
Topical term or geographic name as entry element Lions-Stories
Holdings
Withdrawn status Lost status Damaged status Use restrictions Home library Current library Shelving location Date acquired Source of acquisition Total Checkouts Full call number Barcode Date last seen Price effective from Koha item type
        Elizalde Library Elizalde Library Easy Reading Section 07/10/2001     ER Ca315 2000 E1995 04/12/2014 04/12/2014 Books

Cave secret :

APA

Weiss E., . (2000). Cave secret. New York: Disney Enterprises, Inc.

Chicago

Weiss Ellen, . 2000. Cave secret. New York: Disney Enterprises, Inc.

Harvard

Weiss E., . (2000). Cave secret. New York: Disney Enterprises, Inc.

MLA

Weiss Ellen, . Cave secret. New York: Disney Enterprises, Inc. 2000.

  • Place hold
  • Print
  • Cite
  • Add to your cart (remove)
  • Save record
    BIBTEX Dublin Core MARCXML MARC (non-Unicode/MARC-8) MARC (Unicode/UTF-8) MARC (Unicode/UTF-8, Standard) MODS (XML) RIS
  • More searches
    Search for this title in:
    Other Libraries (WorldCat) Other Databases (Google Scholar) Online Stores (Bookfinder.com) Open Library (openlibrary.org)

Exporting to Dublin Core...

SOUTHVILLE LIBRARY

Southville International School and Colleges Library

1281 Tropical Ave. Cor. Luxembourg St., BF Homes International, Las Pinas City

Tel. No. 8256374 / 252358 Loc. 117/146

Powered by Koha